000 00909nam a2200277 a 4500
003 MX-MxUPN
005 20240925064235.0
008 991125s1932 sp fr 001 0 spa d
035 _aUPN01000043314
040 _aMX-MxUPN
_bspa
_cMX-MxUPN
041 _aspa
050 4 _aLB1115
_bB3.6 1932
100 1 _aBarnés, Domingo,
_d1879-1940
_935469
245 1 3 _aLa paidología
250 _aTercera edición
_bmuy renovada
260 _aMadrid ;
_aBarcelona :
_bEspasa-Calpe :
_bEdiciones de la Lectura,
_c1932.
300 _a264 páginas
490 0 _aManuales
504 _aIncluye índice.
650 4 _aNiño, Estudio del
_9221
710 2 _951335
_aMuseo Pedagógico Nacional (México)
_epropietario anterior
710 1 _951349
_aMéxico.
_bSecretaría de Educación Pública.
_bBiblioteca Pública
_epropietario anterior
902 _bMaríaRobles/010924
905 _aLibro
942 _2lcc
_cLIBRO
_n0
999 _c43314
_d43314